000
003270000a22001450004500
003
MACL
040
_a
MACL
090
_c
33323
_d
33321
100
_a
Henderson, Chuck
245
_a
Mastering Macromedia Director 6
260
_b
BPB Publications
_c
1997
350
_a
450
650
_a
Computer Science
942
_c
BOOK
_k
004.6/HEN
999
_c
32973
_d
32973